Environmental contaminants in food
-д хадгалсан:
| Байгууллагын зохиогч: | |
|---|---|
| Формат: | Ном |
| Хэл сонгох: | англи |
| Хэвлэсэн: |
Washington, D.C
OTA
1979
|
| Нөхцлүүд: | |
| Шошгууд: |
Шошго нэмэх
Шошго байхгүй, Энэхүү баримтыг шошголох эхний хүн болох!
|
MARC
| LEADER | 00000nam a2200000 a 4500 | ||
|---|---|---|---|
| 001 | UCV3724 | ||
| 003 | CL-VaPUC | ||
| 008 | 910813e19790000US |||||||||||||||||eng|d | ||
| 082 | 0 | 4 | |a 664.07 |b OFF |2 21 |
| 110 | 2 | |a Office of Technology Assessment |e author |9 298041 | |
| 245 | 1 | 0 | |a Environmental contaminants in food |
| 300 | |a 229 p | ||
| 942 | |c BK | ||
| 945 | |d 19910813 00:00:00 | ||
| 260 | |a Washington, D.C |b OTA |c 1979 | ||
| 650 | 0 | |a Contaminación de alimentos |9 259640 | |
| 650 | 7 | |a CONTAMINANTES |2 CL-VaPUC |9 259641 | |
| 583 | |a last modification |c 19910813 00:00:00 |k Rodrigo Vera | ||
| 999 | |c 210862 |d 210860 | ||
| 952 | |0 0 |1 0 |4 0 |6 664_070000000000000_OFF_1979 |7 0 |8 A |9 187802 |a BIBALI |b BIBALI |c GEN |d 2019-11-14 |i 2553279 |o 664.07 OFF 1979 |p 2553279 |r 2025-01-20 |w 2019-11-14 |y BK |k ALI | ||